Đề tài Nguyên cứu kỹ thuật ương cá con và nuôi thuơng phẩm cá chẽm mõm nhọn (Psammoperca waigiensis Cuvier & Valenciennes, 1828) tại Khánh Hòa : Hợp đồng Nghiên cứu khoa học và phát triển công nghệ giữa trường Đại học Thủy sản và Ban quản lý Hợp phần SUMA, số 19 KHCN/SUMA, ngày 20/6/2002

Uloženo v:
Podrobná bibliografie
Hlavní autor: Nguyễn, Trọng Nho
Médium: Kniha
Jazyk:Undetermined
Vydáno: Nha Trang Đại học Thủy sản 2004
Témata:
Tagy: Přidat tag
Žádné tagy, Buďte první, kdo otaguje tento záznam!
Thư viện lưu trữ: Trung tâm Học liệu Trường Đại học Cần Thơ
LEADER 00947nam a2200193Ia 4500
001 CTU_161130
008 210402s9999 xx 000 0 und d
082 |a 639.3 
082 |b Nh400 
100 |a Nguyễn, Trọng Nho 
245 0 |a Đề tài Nguyên cứu kỹ thuật ương cá con và nuôi thuơng phẩm cá chẽm mõm nhọn (Psammoperca waigiensis Cuvier & Valenciennes, 1828) tại Khánh Hòa : 
245 0 |b Hợp đồng Nghiên cứu khoa học và phát triển công nghệ giữa trường Đại học Thủy sản và Ban quản lý Hợp phần SUMA, số 19 KHCN/SUMA, ngày 20/6/2002 
245 0 |c Chủ nhiệm đề tài: Nguyễn Trọng Nho, Tạ Khắc Thường 
260 |a Nha Trang 
260 |b Đại học Thủy sản 
260 |c 2004 
650 |a Fish culture 
904 |i Giang 
980 |a Trung tâm Học liệu Trường Đại học Cần Thơ